01500cam a2200301 i 45000010008000000030006000080050017000140080041000310200015000720200018000870200023001050200026001280350037001540400091001910500020002820820017003021000024003192450098003432640034004413000023004753360026004983370028005243380027005525040040005795050534006196500026011536500019011796086461OCoLC20180830153609.0800221s1980 tnu b 000 0 eng  a0840751877 a9780840751874 a0840757239q(pbk.) a9780840757234q(pbk.) a(OCoLC)6086461z(OCoLC)692254023 aDLCbengcDLCdBAKERdBTCTAdBMSdYDXCPdOCLCOdOCLCFdCFTdOCLCQdMXLdOCLCQdUtOrBLW00aBV4647.P45bS9400a248.4bS978T1 aSwindoll, Charles R10aThree steps forward, two steps back :bpersevering through pressure /cby Charles R. Swindoll 1aNashville :bT. Nelson,c1980 a191 pages ;c21 cm atextbtxt2rdacontent aunmediatedbn2rdamedia avolumebnc2rdacarrier aIncludes bibliographical references0 a1. Perseverance: Archaic Word of Relevance -- 2. Misunderstanding: Paralyzing Sting of Humanity -- 3. Stress: Threatening Storm of Anxiety -- 4. Loss: Lonely Times of Crisis -- 5. Impossibilities: Uncrossable Rivers of Life -- 6. Waiting: Lingering Test of Patience -- 7. Temptation: Vulnerable Flaw of Weakness -- 8. Mistakes: Inevitable Marks of Imperfection -- 9. Inferiority: Contagious Plague of Self-Doubt -- 10. Fear: Fierce Grip of Panic -- 11. Anger: Burning Fuse of Hostility -- 12. Defection: Final Stage of Compromise 0aPerseverance (Ethics) 0aChristian life